| 000 | 00415nam a2200169 a 4500 | ||
|---|---|---|---|
| 001 | 0000-9304 | ||
| 003 | ELIB.Books | ||
| 008 | 110520 1995 | ||
| 035 | _a(ELIB.Books)0000-9456 | ||
| 082 |
_a236 _bCol |
||
| 100 | _aColton, C. E. | ||
| 245 | _aWhat's Next? | ||
| 260 |
_bPhiladelphia: The Westminster Press _c1995 |
||
| 650 | _aSalvation | ||
| 942 |
_2ddc _cBK |
||
| 998 |
_cbat _e2011-05-20 |
||
| 999 |
_c9304 _d9304 |
||